Solve the Secret African Country - Statistics

General Stats
  • This quiz has been taken 126 times
    115 since last reset
  • The average score is 24 of 27
Answer Stats
Scramble Country % Correct
BEINN Benin
100%
AAGHN Ghana
100%
AEKNY Kenya
100%
EGINR Niger
100%
GOOT Togo
100%
AAGLNO Angola
98%
AABIMZ Zambia
98%
AEGINU Guinea
97%
AABIIMN Namibia
95%
AAILMOS Somalia
95%
AAEGILR Algeria
92%
AAILMW Malawi
92%
AADGNU Uganda
92%
AEGIINR Nigeria
91%
CCMOOOR Morocco
90%
AABNOSTW Botswana
89%
AEHIIOPT Ethiopia
89%
AAAIIMNRTU Mauritania
89%
ABBEIMWZ Zimbabwe
89%
ABEIMMOQUZ Mozambique
87%
AAAACDGMRS Madagascar
86%
AABFIKNORSU Burkina Faso
78%
Secret Country DJIBOUTI
77%
AEIINSTW Eswatini
74%
CEEEHLLSSY Seychelles
71%
AEEEILNORRS Sierra Leone
52%
AACFHIORSTU South Africa
45%
No matching quizzes found
Score Distribution
Percent of People with Each Score
Percentile by Number Answered
Your Score History
You have not taken this quiz since the last reset